000 00306pam a2200145 a 4500
020 _c
041 _h
082 _a005.4`3
100 _aJIM (Parker)
_eauthor
245 _aLinux Unleashed
_hTextual Document
250 _a1st
260 _bTechmedia New Delhi
_c1999
300 _a1114
930 _a5888
999 _c834994
_d834994